Syntéza modelového makrocyklického antibiotika

Salvato in:
Dettagli Bibliografici
Autore principale: Scherhaufer, David (Autore)
Altri autori: Berkeš, Dušan (Relatore della tesi)
Natura: Manoscritto Libro
Lingua:slovacco
Pubblicazione: 2021
Soggetti:
Accesso online:http://is.stuba.sk/zp/portal_zp.pl?podrobnosti=157760
Tags: Aggiungi Tag
Nessun Tag, puoi essere il primo ad aggiungerne!!

MARC

LEADER 00000ntm a22000003a 4500
001 stuzp82574
003 SK-STU
005 20210605210259.9
007 ta
008 150427s2015----xo-----f-mn---000-0-slo-d
040 |a STU  |b slo 
041 0 |a slo 
100 1 |a Scherhaufer, David  |u 048140  |4 aut  |U FCHPT Ústav organickej chémie, katalýzy a petrochémie  |T FCHPT Oddelenie organickej chémie  |X 86748  |U C8140  |Y 124  |7 86748 
242 0 1 |a Synthesis of a model macrocyclic antibiotic  |y eng 
245 1 0 |a Syntéza modelového makrocyklického antibiotika 
260 |c 2021 
650 4 |a berkeleylaktón A  |2 slo 
650 4 |a makrolidy  |2 slo 
650 4 |a makrolaktonizácia  |2 slo 
650 4 |a metatéza  |2 slo 
650 4 |a sulfa-Michaelova adícia  |2 slo 
650 4 |a macrolides  |2 eng 
650 4 |a macrolactonization  |2 eng 
650 4 |a metathesis  |2 eng 
650 4 |a sulfa-Michael addition  |2 eng 
650 4 |a berkeleylactone A  |2 eng 
700 1 |a Berkeš, Dušan  |u 048140  |k Z1  |4 ths  |U FCHPT Ústav organickej chémie, katalýzy a petrochémie  |T FCHPT Oddelenie organickej chémie  |X 3351  |U C8140  |Y 124  |7 A000003351 
856 4 |u http://is.stuba.sk/zp/portal_zp.pl?podrobnosti=157760